Herby miast województwa kujawsko-pomorskiego - Statystyki

Ogólne statystyki
  • Ten quiz został rozwiązany 28 razy
  • Średni wynik to 11 z 19
Statystyki odpowiedzi
Obrazkowy Odpowiedź % Poprawnych
Bydgoszcz
94%
Toruń
94%
Aleksandrów Kujawski
69%
Brodnica
69%
Grudziądz
69%
Inowrocław
69%
Włocławek
63%
Żnin
56%
Chełmno
50%
Nakło nad Notecią
50%
Sępólno Krajeńskie
50%
Golub-Dobrzyń
44%
Lipno
44%
Mogilno
44%
Świecie
44%
Tuchola
44%
Radziejów
38%
Rypin
38%
Wąbrzeźno
38%
Nie znaleziono quizów pasujących do podanych kryteriów
Rozkład punktacji
Procent ludzi z każdym wynikiem
Percentyl według liczby udzielonych odpowiedzi
Twoja historia wyników
Nie rozwiązałeś tego quizu